|
|
|
|
| LEADER |
00000nas a2200000 a 4500 |
| 001 |
ssj0012491 |
| 003 |
WaSeSS |
| 005 |
20200512172242.0 |
| 006 |
m d |
| 007 |
cr n |
| 008 |
050614c19429999aruqr p s o 0 a0eng c |
| 010 |
|
|
|a 2009235222
|
| 022 |
|
|
|a 2327-1213
|y 0004-1823
|
| 035 |
|
|
|a (WaSeSS)ssj0012491
|
| 040 |
|
|
|a OCLCS
|b eng
|c OCLCS
|d TXJ
|d EYM
|d HUL
|d OCLCQ
|d MUQ
|d MYG
|d OCLCE
|d OCLCQ
|d DLC
|d OCLCF
|d OCLCQ
|d OCLCA
|d GILDS
|d OCLCO
|d VT2
|d WaSeSS
|
| 042 |
|
|
|a pcc
|a nsdp
|
| 043 |
|
|
|a n-us-ar
|
| 050 |
1 |
4 |
|a F406
|b .A6
|
| 082 |
0 |
0 |
|a 976.70062
|2 23
|
| 130 |
0 |
|
|a Arkansas historical quarterly (Online)
|
| 222 |
|
4 |
|a The Arkansas historical quarterly
|b (Online)
|
| 245 |
1 |
4 |
|a The Arkansas historical quarterly
|h [electronic resource].
|
| 260 |
|
|
|a Fayetteville :
|b Arkansas Historical Association,
|c 1942-
|
| 310 |
|
|
|a Quarterly
|
| 362 |
0 |
|
|a Vol. 1, no. 1 (Mar. 1942)-
|
| 506 |
|
|
|a License restrictions may limit access.
|
| 588 |
|
|
|a Description based on: Vol. 1, no. 1 (Mar. 1942); title from cover (JSTOR, viewed May 6, 2009).
|
| 588 |
|
|
|a Latest issue consulted:Vol. 68, No. 4 (winter, 2009) (JSTOR website, viewed Mar. 06, 2013).
|
| 651 |
|
0 |
|a Arkansas
|x History
|v Periodicals.
|
| 651 |
|
6 |
|a Arkansas
|x Histoire
|v Périodiques.
|
| 651 |
|
7 |
|a Arkansas.
|2 fast
|0 (OCoLC)fst01204809
|
| 655 |
|
0 |
|a Electronic journals.
|
| 710 |
2 |
|
|a Arkansas Historical Association.
|
| 776 |
0 |
8 |
|i Print version:
|t Arkansas historical quarterly
|x 0004-1823
|w (DLC) 44050682
|w (OCoLC)1514148
|
| 856 |
4 |
0 |
|z Full text available from Research Library: 04/01/1999 to present
|u https://search.proquest.com/publication/31873
|